000 nam a22 a 4500
999 _c106095
_d106095
003 BLK
005 20210203095033.0
008 180409b bul|||||r ||||||| ||bul||
010 _aKNG00111347000
020 _a954-01-1376-8
040 _aBLK
041 _aRUS
_cRUS
080 _aРуски език
_b811.161.1
_x(075.3)
_z811.161.1(075.3)
100 1 _aЛилова, Галина Георгиева
_eпърви автор
_9364694
139 _aЛилова, Галина Георгиева и др.
_bЛ 58
245 1 0 _aМатура за отличен - Руски език
_bПомагало за зрелостници и кандидат-студенти
_cГалина Георгиева Лилова; съавт. Елена Владимировна Димитрова; съавт. Лиляна Петрова Изворска.
257 _aBGR
260 _bПросвета
_c2003
_fСофия : Инвестпрес
_aСофия
300 _a156 с.
_bс табл.
_c25 см
_e1 аудиокасета
380 _a80
490 _aМатура за отличен
_9203866
500 _aСъдържа и Учебно-изпитна програма държавен зрелостен изпит по руски език. - Аудиокасета със сигн. Цб Фб 1937
650 4 _aРуски език - учебници за средни училища
_9245720
653 _aруски език
653 _aзрелостни изпити
653 _aкандидатстудентски изпити
700 1 _aДимитрова, Елена Владимировна
_eсъавт.
_9292285
700 1 _aИзворска, Лиляна Петрова
_eсъавт.
_9364245
852 _aЦб ІІ 12470
_bЦб
856 4 _qpdf
856 4 _qpdf
942 _cKNG
_n0
_s1
944 _aCR
_c24.02.2004
_kГеновева_Генчева
944 _aED
_c22.04.2004
999 _d106095